[Event "Khazar Cup 2016 (A) Master Tournament"]
[Site "Zibakenar,Iran"]
[Date "2016.02.18"]
[Round "9"]
[Board "1"]
[White "Grigoryan, Karen H."]
[Black "Mosadeghpour, Masoud"]
[Result "1/2-1/2"]
[WhiteElo "2606"]
[BlackElo "2462"]
[PlyCount "0"]
[EventDate "2016.02.11"]
[EventRounds "9"]
[EventCountry "IRI"]

1. c4 {[%clk 1:30:54]} Nf6 {[%clk 1:30:06]} 2. Nc3 {[%clk 1:31:14]} d5
{[%clk 1:30:30]} 3. cxd5 {[%clk 1:31:40]} Nxd5 {[%clk 1:30:56]} 4. g3
{[%clk 1:32:03]} g6 {[%clk 1:31:21]} 5. Bg2 {[%clk 1:32:28]} Nb6 {[%clk 1:31:50]}
6. d3 {[%clk 1:32:49]} Bg7 {[%clk 1:32:19]} 7. Be3 {[%clk 1:33:11]} Nc6
{[%clk 1:32:48]} 8. Bxc6+ {[%clk 1:32:35]} bxc6 {[%clk 1:33:17]} 9. Qd2
{[%clk 1:32:59]} h6 {[%clk 1:33:42]} 10. Rc1 {[%clk 1:32:04]} Rb8
{[%clk 1:34:02]} 11. b3 {[%clk 1:29:41]} a5 {[%clk 1:34:23]} 12. h4
{[%clk 1:16:11]} a4 {[%clk 1:33:41]} 13. b4 {[%clk 1:16:23]} a3 {[%clk 1:29:48]}
14. Nf3 {[%clk 1:12:49]} Bg4 {[%clk 1:20:01]} 15. O-O {[%clk 1:05:55]} Bxf3
{[%clk 1:18:23]} 16. exf3 {[%clk 1:06:13]} Nd7 {[%clk 1:18:46]} 17. d4
{[%clk 1:03:06]} Rxb4 {[%clk 1:18:08]} 18. Nb1 {[%clk 0:57:17]} Rb2
{[%clk 1:10:48]} 19. Rc2 {[%clk 0:50:11]} Rxc2 {[%clk 1:08:42]} 20. Qxc2
{[%clk 0:50:23]} Qa8 {[%clk 1:07:15]} 21. Rc1 {[%clk 0:39:06]} Nb6
{[%clk 0:39:39]} 22. Qxc6+ {[%clk 0:35:52]} Qxc6 {[%clk 0:40:04]} 23. Rxc6
{[%clk 0:36:17]} Kd7 {[%clk 0:40:28]} 24. Rc3 {[%clk 0:35:39]} Rb8
{[%clk 0:40:45]} 25. Nxa3 {[%clk 0:30:47]} Ra8 {[%clk 0:40:37]} 26. Nc4
{[%clk 0:11:58]} 1/2-1/2

[Event "Khazar Cup 2016 (A) Master Tournament"]
[Site "Zibakenar,Iran"]
[Date "2016.02.18"]
[Round "9"]
[Board "2"]
[White "Mirzoev, Azer"]
[Black "Volkov, Sergey"]
[Result "1/2-1/2"]
[WhiteElo "2539"]
[BlackElo "2607"]
[PlyCount "0"]
[EventDate "2016.02.11"]
[EventRounds "9"]
[EventCountry "IRI"]

1. e4 {[%clk 1:22:18]} e6 {[%clk 1:30:50]} 2. d4 {[%clk 1:22:40]} d5
{[%clk 1:31:16]} 3. Nc3 {[%clk 1:23:04]} Nf6 {[%clk 1:31:34]} 4. Bg5
{[%clk 1:23:27]} dxe4 {[%clk 1:30:58]} 5. Nxe4 {[%clk 1:23:51]} Nbd7
{[%clk 1:31:23]} 6. Nf3 {[%clk 1:24:05]} Be7 {[%clk 1:31:48]} 7. Nxf6+
{[%clk 1:24:23]} Bxf6 {[%clk 1:32:10]} 8. h4 {[%clk 1:24:43]} O-O
{[%clk 1:32:12]} 9. Qd2 {[%clk 1:20:39]} e5 {[%clk 1:30:17]} 10. O-O-O
{[%clk 1:17:42]} e4 {[%clk 1:28:42]} 11. Bxf6 {[%clk 1:12:25]} Nxf6
{[%clk 1:27:32]} 12. Ne5 {[%clk 1:12:51]} Qe7 {[%clk 1:24:47]} 13. Qg5
{[%clk 1:09:06]} Be6 {[%clk 1:20:08]} 14. Bc4 {[%clk 1:04:20]} Rad8
{[%clk 1:16:04]} 15. Rhe1 {[%clk 1:04:05]} Rfe8 {[%clk 1:14:01]} 16. a3
{[%clk 0:57:16]} c6 {[%clk 1:12:03]} 17. Kb1 {[%clk 0:56:10]} Bxc4
{[%clk 1:06:56]} 18. Nxc4 {[%clk 0:56:35]} Nd5 {[%clk 1:07:16]} 19. Qg3
{[%clk 0:55:32]} Qe6 {[%clk 1:00:28]} 20. Na5 {[%clk 0:48:55]} Rd7
{[%clk 0:57:27]} 21. Nb3 {[%clk 0:49:13]} b6 {[%clk 0:57:34]} 22. Nd2
{[%clk 0:49:12]} Nf6 {[%clk 0:57:06]} 23. Nf1 {[%clk 0:48:08]} Red8
{[%clk 0:54:14]} 24. Ne3 {[%clk 0:46:46]} g6 {[%clk 0:53:53]} 25. c3
{[%clk 0:42:12]} Kg7 {[%clk 0:51:47]} 26. Kc2 {[%clk 0:38:44]} c5
{[%clk 0:41:50]} 27. dxc5 {[%clk 0:38:53]} Rd3 {[%clk 0:40:16]} 28. cxb6
{[%clk 0:35:21]} axb6 {[%clk 0:39:22]} 29. Qg5 {[%clk 0:32:16]} h6
{[%clk 0:37:13]} 30. Qb5 {[%clk 0:32:08]} Ng4 {[%clk 0:33:52]} 31. Nxg4
{[%clk 0:29:49]} Qxg4 {[%clk 0:31:01]} 32. Qe5+ {[%clk 0:21:17]} Kg8
{[%clk 0:30:50]} 33. Rb1 {[%clk 0:15:25]} Qxh4 {[%clk 0:25:28]} 34. Qxe4
{[%clk 0:15:17]} Qxf2+ {[%clk 0:25:00]} 35. Kb3 {[%clk 0:15:39]} Rd2
{[%clk 0:22:09]} 36. g4 {[%clk 0:16:01]} b5 {[%clk 0:13:43]} 37. Ka2
{[%clk 0:15:12]} Rc8 {[%clk 0:11:12]} 38. Re3 {[%clk 0:14:27]} Qg2
{[%clk 0:08:00]} 39. Qf4 {[%clk 0:13:45]} Qd5+ {[%clk 0:05:47]} 40. Ka1
{[%clk 0:14:11]} Ra8 {[%clk 0:05:39]} 41. c4 {[%clk 0:07:31]} Qxc4
{[%clk 0:03:13]} 42. Qxh6 {[%clk 0:07:44]} Qd4 {[%clk 0:02:29]} 43. Rh3
{[%clk 0:07:43]} Ra6 {[%clk 0:01:12]} 44. Qh7+ {[%clk 0:07:43]} Kf8
{[%clk 0:01:41]} 45. Qh6+ {[%clk 0:06:25]} Kg8 {[%clk 0:00:46]} 46. Qh7+
{[%clk 0:03:19]} Kf8 {[%clk 0:01:15]} 47. Qh8+ {[%clk 0:02:55]} Qxh8
{[%clk 0:01:06]} 48. Rxh8+ {[%clk 0:03:22]} Kg7 {[%clk 0:01:30]} 49. Rbh1
{[%clk 0:03:07]} b4 {[%clk 0:00:42]} 50. g5 {[%clk 0:03:21]} Rd1+
{[%clk 0:01:09]} 51. Rxd1 {[%clk 0:03:47]} Kxh8 {[%clk 0:01:37]} 52. Ka2
{[%clk 0:04:09]} Ra5 {[%clk 0:01:44]} 53. Rg1 {[%clk 0:04:24]} Kg7
{[%clk 0:01:57]} 54. a4 {[%clk 0:03:23]} Rxa4+ {[%clk 0:02:13]} 55. Kb3
{[%clk 0:03:52]} Ra8 {[%clk 0:01:40]} 56. Kxb4 {[%clk 0:04:18]} Rb8+
{[%clk 0:02:08]} 57. Kc3 {[%clk 0:04:44]} Rc8+ {[%clk 0:01:58]} 58. Kd4
{[%clk 0:05:09]} Rb8 {[%clk 0:02:24]} 59. Rg2 {[%clk 0:05:30]} f6
{[%clk 0:02:46]} 60. gxf6+ {[%clk 0:05:49]} Kxf6 {[%clk 0:03:14]} 61. Kc5
{[%clk 0:06:07]} Rc8+ {[%clk 0:02:29]} 62. Kd6 {[%clk 0:06:18]} Rb8
{[%clk 0:02:55]} 63. Kc5 {[%clk 0:06:27]} Rc8+ {[%clk 0:03:22]} 64. Kd6
{[%clk 0:06:54]} 1/2-1/2

[Event "Khazar Cup 2016 (A) Master Tournament"]
[Site "Zibakenar,Iran"]
[Date "2016.02.18"]
[Round "9"]
[Board "3"]
[White "Mousavi, Seyed Khalil"]
[Black "Gabuzyan, Hovhannes"]
[Result "0-1"]
[WhiteElo "2417"]
[BlackElo "2593"]
[PlyCount "0"]
[EventDate "2016.02.11"]
[EventRounds "9"]
[EventCountry "IRI"]

1. c4 {[%clk 1:29:50]} Nf6 {[%clk 1:30:55]} 2. Nc3 {[%clk 1:30:08]} e5
{[%clk 1:29:50]} 3. Nf3 {[%clk 1:29:00]} d6 {[%clk 1:30:13]} 4. g3
{[%clk 1:27:12]} Nbd7 {[%clk 1:30:20]} 5. Bg2 {[%clk 1:27:06]} g6
{[%clk 1:30:45]} 6. O-O {[%clk 1:24:51]} Bg7 {[%clk 1:31:12]} 7. b3
{[%clk 1:24:21]} O-O {[%clk 1:31:19]} 8. Bb2 {[%clk 1:24:07]} Re8
{[%clk 1:31:43]} 9. d4 {[%clk 1:22:31]} exd4 {[%clk 1:31:30]} 10. Nxd4
{[%clk 1:22:54]} c6 {[%clk 1:26:58]} 11. Qc2 {[%clk 1:21:04]} Nc5
{[%clk 1:26:59]} 12. e4 {[%clk 1:17:34]} h5 {[%clk 1:27:00]} 13. Rad1
{[%clk 1:16:10]} h4 {[%clk 1:27:03]} 14. Rfe1 {[%clk 1:07:50]} Qe7
{[%clk 1:26:03]} 15. Qd2 {[%clk 1:06:13]} Ng4 {[%clk 1:22:05]} 16. Nf3
{[%clk 1:04:29]} h3 {[%clk 1:20:53]} 17. Bf1 {[%clk 0:55:42]} Qf6
{[%clk 1:18:48]} 18. Nd4 {[%clk 0:48:46]} g5 {[%clk 1:11:18]} 19. f3
{[%clk 0:44:44]} Ne5 {[%clk 1:11:31]} 20. Qf2 {[%clk 0:41:06]} a5
{[%clk 1:09:33]} 21. g4 {[%clk 0:35:32]} a4 {[%clk 1:03:30]} 22. b4
{[%clk 0:33:11]} a3 {[%clk 1:03:47]} 23. Ba1 {[%clk 0:31:33]} Na4
{[%clk 1:04:11]} 24. Nxa4 {[%clk 0:29:58]} Rxa4 {[%clk 1:04:40]} 25. Rb1
{[%clk 0:28:47]} Qf4 {[%clk 0:57:45]} 26. Rb3 {[%clk 0:26:24]} Re7
{[%clk 0:55:43]} 27. Nf5 {[%clk 0:16:07]} Bxf5 {[%clk 0:56:08]} 28. gxf5
{[%clk 0:16:08]} c5 {[%clk 0:54:42]} 29. bxc5 {[%clk 0:14:47]} dxc5
{[%clk 0:54:52]} 30. Rd1 {[%clk 0:13:16]} Ra8 {[%clk 0:52:31]} 31. Bxh3
{[%clk 0:11:04]} b5 {[%clk 0:49:52]} 32. cxb5 {[%clk 0:08:24]} c4
{[%clk 0:50:19]} 33. Bxe5 {[%clk 0:07:08]} Bxe5 {[%clk 0:49:14]} 34. Rb4
{[%clk 0:06:44]} c3 {[%clk 0:49:43]} 35. b6 {[%clk 0:05:48]} Kg7 {[%clk 0:49:54]}
36. Bf1 {[%clk 0:04:49]} Rh8 {[%clk 0:49:44]} 37. h3 {[%clk 0:05:13]} Rc8
{[%clk 0:49:49]} 38. Rc4 {[%clk 0:04:02]} Ree8 {[%clk 0:47:03]} 39. b7
{[%clk 0:02:56]} Rb8 {[%clk 0:45:51]} 40. Rd7 {[%clk 0:02:28]} Red8
{[%clk 0:46:18]} 41. Rd5 {[%clk 0:01:30]} Rxd5 {[%clk 0:45:18]} 42. exd5
{[%clk 0:01:58]} Qd2 {[%clk 0:45:44]} 43. Re4 {[%clk 0:01:18]} Rxb7
{[%clk 0:45:22]} 44. Re2 {[%clk 0:00:43]} Qxd5 {[%clk 0:45:15]} 45. Qg2
{[%clk 0:01:04]} Bf4 {[%clk 0:44:24]} 46. h4 {[%clk 0:01:00]} Qd4+
{[%clk 0:43:21]} 47. Kh1 {[%clk 0:00:37]} Rb8 {[%clk 0:35:27]} 48. Re4
{[%clk 0:00:51]} Qd6 {[%clk 0:35:52]} 49. Qc2 {[%clk 0:00:43]} Rc8
{[%clk 0:33:38]} 50. Bd3 {[%clk 0:00:32]} Bd2 {[%clk 0:33:44]} 51. Rg4
{[%clk 0:00:39]} Rh8 {[%clk 0:33:58]} 52. Be4 {[%clk 0:00:33]} Kf6
{[%clk 0:33:53]} 53. Qa4 {[%clk 0:00:34]} Bf4 {[%clk 0:33:56]} 54. Qc4
{[%clk 0:00:41]} Qd2 {[%clk 0:30:25]} 55. Rxf4 {[%clk 0:00:34]} gxf4
{[%clk 0:30:04]} 56. Qc6+ {[%clk 0:00:45]} Kg7 {[%clk 0:30:33]} 57. f6+
{[%clk 0:01:02]} Kh6 {[%clk 0:31:00]} 58. Qc5 {[%clk 0:00:33]} Qe1+
{[%clk 0:31:24]} 59. Kh2 {[%clk 0:00:51]} Qg3+ {[%clk 0:31:43]} 0-1

[Event "Khazar Cup 2016 (A) Master Tournament"]
[Site "Zibakenar,Iran"]
[Date "2016.02.18"]
[Round "9"]
[Board "4"]
[White "Starostits, Ilmars"]
[Black "Idani, Pouya"]
[Result "0-1"]
[WhiteElo "2437"]
[BlackElo "2568"]
[PlyCount "0"]
[EventDate "2016.02.11"]
[EventRounds "9"]
[EventCountry "IRI"]

1. d4 {[%clk 1:27:40]} Nf6 {[%clk 1:30:53]} 2. Bg5 {[%clk 1:27:57]} Ne4
{[%clk 1:31:05]} 3. Bf4 {[%clk 1:28:22]} d5 {[%clk 1:31:32]} 4. Nd2
{[%clk 1:28:46]} Bf5 {[%clk 1:29:15]} 5. Ngf3 {[%clk 1:25:27]} e6
{[%clk 1:29:01]} 6. e3 {[%clk 1:25:33]} g5 {[%clk 1:23:34]} 7. Nxe4
{[%clk 1:11:58]} gxf4 {[%clk 1:23:32]} 8. Nc5 {[%clk 1:12:04]} Bxc5
{[%clk 1:22:06]} 9. dxc5 {[%clk 1:12:30]} fxe3 {[%clk 1:22:32]} 10. fxe3
{[%clk 1:12:08]} Nd7 {[%clk 1:21:55]} 11. Qd4 {[%clk 1:11:32]} Rg8
{[%clk 1:22:13]} 12. Bd3 {[%clk 1:03:50]} Bxd3 {[%clk 1:21:43]} 13. cxd3
{[%clk 1:04:16]} Rxg2 {[%clk 1:20:29]} 14. Qh8+ {[%clk 1:04:40]} Ke7
{[%clk 1:19:11]} 15. Qxh7 {[%clk 1:04:42]} Qh8 {[%clk 1:19:08]} 16. Qxh8
{[%clk 1:03:13]} Rxh8 {[%clk 1:19:00]} 17. b4 {[%clk 1:02:49]} Rh3
{[%clk 1:19:24]} 18. Rf1 {[%clk 1:03:09]} Ne5 {[%clk 1:19:49]} 0-1

[Event "Khazar Cup 2016 (A) Master Tournament"]
[Site "Zibakenar,Iran"]
[Date "2016.02.18"]
[Round "9"]
[Board "5"]
[White "Malaniuk, Vladimir P"]
[Black "Gholami, Aryan"]
[Result "1/2-1/2"]
[WhiteElo "2482"]
[BlackElo "2417"]
[PlyCount "0"]
[EventDate "2016.02.11"]
[EventRounds "9"]
[EventCountry "IRI"]

1. d4 {[%clk 1:30:52]} Nf6 {[%clk 1:30:36]} 2. Nf3 {[%clk 1:30:51]} e6
{[%clk 1:29:59]} 3. c4 {[%clk 1:30:29]} d5 {[%clk 1:29:42]} 4. e3
{[%clk 1:30:00]} c5 {[%clk 1:28:04]} 5. cxd5 {[%clk 1:29:53]} exd5
{[%clk 1:28:17]} 6. Bb5+ {[%clk 1:29:49]} Nbd7 {[%clk 1:25:58]} 7. dxc5
{[%clk 1:27:29]} Bxc5 {[%clk 1:25:56]} 8. Nc3 {[%clk 1:24:18]} O-O
{[%clk 1:24:50]} 9. O-O {[%clk 1:23:46]} a6 {[%clk 1:23:52]} 10. Be2
{[%clk 1:23:45]} Nb8 {[%clk 1:19:18]} 11. b3 {[%clk 1:19:56]} Nc6
{[%clk 1:17:33]} 12. Bb2 {[%clk 1:20:16]} Ba7 {[%clk 1:16:34]} 13. Rc1
{[%clk 1:14:55]} Qd6 {[%clk 1:11:27]} 14. Na4 {[%clk 0:49:44]} Ne4
{[%clk 1:05:26]} 15. Nd2 {[%clk 0:33:11]} f5 {[%clk 0:40:02]} 16. Nxe4
{[%clk 0:27:53]} fxe4 {[%clk 0:40:31]} 17. Nc3 {[%clk 0:27:13]} d4
{[%clk 0:36:27]} 18. exd4 {[%clk 0:26:47]} Bf5 {[%clk 0:35:46]} 19. Bg4
{[%clk 0:24:58]} Qxd4 {[%clk 0:32:48]} 20. Qxd4 {[%clk 0:19:17]} Bxd4
{[%clk 0:32:54]} 21. Bxf5 {[%clk 0:19:42]} Rxf5 {[%clk 0:33:17]} 22. Nd1
{[%clk 0:20:08]} Bxb2 {[%clk 0:26:51]} 1/2-1/2

[Event "Khazar Cup 2016 (A) Master Tournament"]
[Site "Zibakenar,Iran"]
[Date "2016.02.18"]
[Round "9"]
[Board "6"]
[White "Morchiashvili, Bachana"]
[Black "Maghsoodloo, Parham"]
[Result "0-1"]
[WhiteElo "2342"]
[BlackElo "2461"]
[PlyCount "0"]
[EventDate "2016.02.11"]
[EventRounds "9"]
[EventCountry "IRI"]

1. d4 {[%clk 1:30:59]} Nf6 {[%clk 1:28:40]} 2. c4 {[%clk 1:31:22]} g6
{[%clk 1:28:40]} 3. Nc3 {[%clk 1:31:47]} d5 {[%clk 1:29:05]} 4. Bg5
{[%clk 1:32:08]} Bg7 {[%clk 1:27:51]} 5. Bxf6 {[%clk 1:31:57]} Bxf6
{[%clk 1:28:14]} 6. cxd5 {[%clk 1:32:23]} c5 {[%clk 1:28:35]} 7. dxc5
{[%clk 1:32:00]} Qa5 {[%clk 1:20:01]} 8. Qd2 {[%clk 1:24:22]} Na6
{[%clk 1:18:18]} 9. a3 {[%clk 1:16:33]} O-O {[%clk 1:14:44]} 10. e3
{[%clk 1:07:51]} Bxc3 {[%clk 1:05:54]} 11. Qxc3 {[%clk 1:06:46]} Qxc3+
{[%clk 1:05:20]} 12. bxc3 {[%clk 1:07:14]} Nxc5 {[%clk 1:05:49]} 13. Nf3
{[%clk 1:04:30]} Rd8 {[%clk 1:06:18]} 14. c4 {[%clk 1:01:53]} Bf5
{[%clk 1:00:00]} 15. Rd1 {[%clk 0:53:12]} Rd6 {[%clk 0:53:30]} 16. Nd4
{[%clk 0:51:41]} Ra6 {[%clk 0:53:23]} 17. Ra1 {[%clk 0:47:13]} Ra4
{[%clk 0:48:26]} 18. f3 {[%clk 0:45:35]} Nd3+ {[%clk 0:45:13]} 19. Kd2
{[%clk 0:33:51]} Nc5 {[%clk 0:36:07]} 20. Be2 {[%clk 0:27:42]} e5
{[%clk 0:31:59]} 21. dxe6 {[%clk 0:24:16]} Bxe6 {[%clk 0:32:11]} 22. Rhc1
{[%clk 0:23:40]} Rd8 {[%clk 0:31:03]} 23. Ke1 {[%clk 0:23:27]} Rd6
{[%clk 0:30:50]} 24. Rab1 {[%clk 0:16:23]} Rda6 {[%clk 0:29:03]} 25. Rb5
{[%clk 0:16:22]} b6 {[%clk 0:29:04]} 26. Nc2 {[%clk 0:12:14]} Bxc4
{[%clk 0:29:19]} 27. Nb4 {[%clk 0:11:38]} Bxb5 {[%clk 0:28:13]} 28. Bxb5
{[%clk 0:12:05]} R6a5 {[%clk 0:22:41]} 29. Bxa4 {[%clk 0:12:12]} Rxa4
{[%clk 0:22:32]} 30. Rc3 {[%clk 0:12:28]} Kf8 {[%clk 0:22:08]} 31. Ke2
{[%clk 0:12:22]} Ke7 {[%clk 0:21:48]} 32. g4 {[%clk 0:11:57]} Kd6
{[%clk 0:21:52]} 33. e4 {[%clk 0:09:30]} Ra5 {[%clk 0:15:19]} 34. h4
{[%clk 0:08:25]} h6 {[%clk 0:14:31]} 35. Ke3 {[%clk 0:08:37]} Rb5
{[%clk 0:14:46]} 36. f4 {[%clk 0:06:08]} f6 {[%clk 0:14:14]} 37. Nd3
{[%clk 0:05:20]} Nd7 {[%clk 0:09:42]} 38. Kd4 {[%clk 0:04:52]} Ra5
{[%clk 0:09:37]} 39. g5 {[%clk 0:03:52]} hxg5 {[%clk 0:09:51]} 40. hxg5
{[%clk 0:04:20]} Ra4+ {[%clk 0:06:30]} 41. Ke3 {[%clk 0:04:38]} fxg5
{[%clk 0:06:59]} 42. fxg5 {[%clk 0:04:11]} Ne5 {[%clk 0:07:29]} 43. Kf4
{[%clk 0:04:03]} Nc4 {[%clk 0:07:19]} 44. Nb4 {[%clk 0:04:20]} Nxa3
{[%clk 0:06:36]} 45. Rd3+ {[%clk 0:04:12]} Ke6 {[%clk 0:06:41]} 46. Nc6
{[%clk 0:04:11]} Nb5 {[%clk 0:06:53]} 47. Nd8+ {[%clk 0:04:16]} Ke7
{[%clk 0:06:40]} 48. Nc6+ {[%clk 0:04:45]} Ke8 {[%clk 0:04:40]} 49. Rd8+
{[%clk 0:03:27]} Kf7 {[%clk 0:05:09]} 50. Ke5 {[%clk 0:02:00]} Rc4
{[%clk 0:05:20]} 51. Rd7+ {[%clk 0:02:14]} Ke8 {[%clk 0:05:49]} 52. Rd8+
{[%clk 0:02:37]} Kf7 {[%clk 0:06:06]} 53. Kd5 {[%clk 0:01:44]} Rc5#
{[%clk 0:06:11]} 0-1

[Event "Khazar Cup 2016 (A) Master Tournament"]
[Site "Zibakenar,Iran"]
[Date "2016.02.18"]
[Round "9"]
[Board "7"]
[White "Grabliauskas, Virginijus"]
[Black "Khodashenas, Mersad"]
[Result "1/2-1/2"]
[WhiteElo "2322"]
[BlackElo "2393"]
[PlyCount "0"]
[EventDate "2016.02.11"]
[EventRounds "9"]
[EventCountry "IRI"]

1. d4 {[%clk 1:30:55]} Nf6 {[%clk 1:30:48]} 2. c4 {[%clk 1:31:16]} b6
{[%clk 1:29:46]} 3. Nc3 {[%clk 1:30:21]} Bb7 {[%clk 1:28:43]} 4. d5
{[%clk 1:30:21]} e6 {[%clk 1:25:22]} 5. a3 {[%clk 1:29:41]} Bd6 {[%clk 1:24:54]}
6. Nf3 {[%clk 1:25:48]} O-O {[%clk 1:22:40]} 7. e4 {[%clk 1:12:49]} exd5
{[%clk 1:20:58]} 8. exd5 {[%clk 1:11:35]} c6 {[%clk 1:19:11]} 9. Be2 cxd5
{[%clk 1:08:48]} 10. cxd5 {[%clk 0:57:31]} Re8 {[%clk 1:08:48]} 11. O-O
{[%clk 0:57:08]} Na6 {[%clk 1:08:11]} 12. b4 {[%clk 0:41:31]} Nc7
{[%clk 1:01:30]} 13. Bc4 {[%clk 0:41:25]} Ng4 {[%clk 0:55:34]} 14. Bg5 f6
{[%clk 0:55:34]} 15. Bh4 Ne5 {[%clk 0:55:34]} 16. Bb3 Ba6 {[%clk 0:34:13]} 17.
Re1 {[%clk 0:32:57]} Nb5 {[%clk 0:33:38]} 18. Ne4 {[%clk 0:21:49]} Nxf3+
{[%clk 0:27:58]} 19. gxf3 {[%clk 0:22:09]} Be5 {[%clk 0:25:21]} 20. d6+
{[%clk 0:20:09]} Kh8 {[%clk 0:22:20]} 21. Rc1 {[%clk 0:20:32]} Rc8
{[%clk 0:10:24]} 22. Rxc8 {[%clk 0:03:52]} Qxc8 {[%clk 0:10:39]} 23. f4
{[%clk 0:03:36]} Bxf4 {[%clk 0:04:14]} 24. Nxf6 {[%clk 0:03:36]} Rxe1+
{[%clk 0:03:27]} 25. Qxe1 {[%clk 0:04:05]} Nd4 {[%clk 0:02:43]} 26. Bd5
{[%clk 0:02:51]} Ne2+ {[%clk 0:01:56]} 27. Kh1 {[%clk 0:02:28]} Qc3
{[%clk 0:02:25]} 28. Qxc3 {[%clk 0:01:43]} Nxc3 {[%clk 0:02:54]} 29. Bf3
{[%clk 0:01:15]} Bb5 {[%clk 0:01:00]} 30. Ne8 {[%clk 0:01:14]} Kg8
{[%clk 0:00:51]} 31. Bg3 {[%clk 0:00:44]} Bxg3 {[%clk 0:00:48]} 32. hxg3
{[%clk 0:01:11]} Kf7 {[%clk 0:01:05]} 33. Nc7 {[%clk 0:01:35]} Bc4
{[%clk 0:00:59]} 34. Bg4 {[%clk 0:01:20]} Ne4 {[%clk 0:00:52]} 35. Kg2
{[%clk 0:00:47]} Nxd6 {[%clk 0:01:05]} 36. Bxd7 {[%clk 0:01:12]} Ke7
{[%clk 0:00:44]} 37. Bc6 {[%clk 0:01:31]} Nf5 {[%clk 0:00:33]} 38. Be4
{[%clk 0:01:41]} g6 {[%clk 0:00:35]} 39. Nd5+ {[%clk 0:01:44]} Kd6
{[%clk 0:00:40]} 40. Nf4 {[%clk 0:01:15]} Nd4 {[%clk 0:00:42]} 41. Nh3
{[%clk 0:00:53]} Nb5 {[%clk 0:00:34]} 42. a4 {[%clk 0:00:47]} Nc3
{[%clk 0:01:03]} 43. Bc2 {[%clk 0:01:09]} Nd5 {[%clk 0:00:37]} 44. b5
{[%clk 0:01:20]} Kc5 {[%clk 0:00:34]} 45. Ng5 {[%clk 0:01:39]} Nf6
{[%clk 0:00:59]} 46. Kf3 {[%clk 0:01:09]} Kb4 {[%clk 0:00:36]} 47. Kf4
{[%clk 0:00:55]} Bb3 {[%clk 0:00:45]} 48. Bxb3 {[%clk 0:00:51]} Kxb3
{[%clk 0:01:14]} 49. Ke5 {[%clk 0:00:47]} Ng4+ {[%clk 0:01:29]} 50. Kd5
{[%clk 0:00:45]} Nxf2 {[%clk 0:01:52]} 51. Nxh7 {[%clk 0:00:51]} Kxa4
{[%clk 0:02:17]} 52. Kc6 {[%clk 0:00:43]} Ne4 {[%clk 0:01:29]} 53. g4
{[%clk 0:01:08]} g5 {[%clk 0:01:58]} 54. Nf8 {[%clk 0:00:44]} Nf6
{[%clk 0:00:34]} 55. Ne6 {[%clk 0:01:04]} Nxg4 {[%clk 0:01:02]} 56. Nxg5
{[%clk 0:01:14]} Ne5+ {[%clk 0:01:00]} 57. Kb7 {[%clk 0:01:12]} Kxb5
{[%clk 0:01:25]} 58. Kxa7 {[%clk 0:01:38]} Ka5 {[%clk 0:01:24]} 59. Ne6
{[%clk 0:01:19]} b5 {[%clk 0:00:45]} 60. Nd4 {[%clk 0:01:40]} b4 {[%clk 0:01:09]}
61. Kb7 {[%clk 0:01:57]} Ka4 {[%clk 0:01:25]} 62. Kb6 {[%clk 0:01:58]} Nd3
{[%clk 0:00:34]} 63. Kc6 {[%clk 0:02:03]} Nf4 {[%clk 0:00:36]} 64. Kb6
{[%clk 0:01:44]} Nd5+ {[%clk 0:00:36]} 65. Kc6 {[%clk 0:01:10]} Ne3
{[%clk 0:00:36]} 66. Kc5 {[%clk 0:01:17]} Nd1 {[%clk 0:00:33]} 67. Kc4
{[%clk 0:01:09]} Nb2+ {[%clk 0:01:01]} 68. Kd5 {[%clk 0:01:23]} Nd3
{[%clk 0:00:33]} 69. Ke4 {[%clk 0:01:10]} Nc5+ {[%clk 0:00:33]} 70. Ke3
{[%clk 0:01:20]} Nb7 {[%clk 0:00:33]} 71. Kd2 {[%clk 0:01:05]} Nd6
{[%clk 0:01:01]} 72. Kc1 {[%clk 0:01:12]} Nc4 {[%clk 0:00:58]} 73. Kb1
{[%clk 0:01:27]} Nd2+ {[%clk 0:00:34]} 74. Kb2 {[%clk 0:01:46]} Nc4+
{[%clk 0:01:01]} 75. Kb1 {[%clk 0:01:54]} Ne5 {[%clk 0:01:11]} 76. Nc2
{[%clk 0:02:07]} 1/2-1/2

[Event "Khazar Cup 2016 (A) Master Tournament"]
[Site "Zibakenar,Iran"]
[Date "2016.02.18"]
[Round "9"]
[Board "8"]
[White "Tahbaz, Arash"]
[Black "Tiviakov, Sergei"]
[Result "1/2-1/2"]
[WhiteElo "2282"]
[BlackElo "2613"]
[PlyCount "0"]
[EventDate "2016.02.11"]
[EventRounds "9"]
[EventCountry "IRI"]

1. e4 {[%clk 1:28:47]} e6 {[%clk 1:30:56]} 2. d4 {[%clk 1:28:50]} d5
{[%clk 1:31:21]} 3. Nd2 {[%clk 1:29:04]} c5 {[%clk 1:31:47]} 4. exd5
{[%clk 1:29:04]} Qxd5 {[%clk 1:32:11]} 5. dxc5 {[%clk 1:29:56]} Qxc5
{[%clk 1:32:52]} 6. Ngf3 {[%clk 1:30:19]} Nf6 {[%clk 1:33:14]} 7. Bd3
{[%clk 1:30:45]} Nbd7 {[%clk 1:32:42]} 8. O-O {[%clk 1:31:00]} Be7
{[%clk 1:31:55]} 9. Qe2 {[%clk 1:29:52]} O-O {[%clk 1:31:43]} 10. Ne4
{[%clk 1:30:15]} Nxe4 {[%clk 1:27:04]} 11. Qxe4 {[%clk 1:30:20]} Qh5
{[%clk 1:22:19]} 12. Bg5 {[%clk 1:30:44]} Nf6 {[%clk 1:08:00]} 13. Qc4
{[%clk 1:30:56]} Bd7 {[%clk 0:58:23]} 14. Qh4 {[%clk 1:31:17]} Qxh4
{[%clk 0:58:36]} 15. Bxh4 {[%clk 1:31:45]} Rfc8 16. Ne5 {[%clk 0:57:26]} Be8
{[%clk 0:58:01]} 17. Rfe1 {[%clk 0:57:23]} Kf8 {[%clk 0:56:07]} 18. Rad1
{[%clk 0:56:30]} a5 {[%clk 0:47:56]} 19. Nc4 {[%clk 0:56:30]} Ra6
{[%clk 0:47:56]} 20. Ne5 Ra7 21. c4 {[%clk 0:36:30]} a4 {[%clk 0:40:48]} 22. f4
{[%clk 0:29:52]} g6 {[%clk 0:38:32]} 23. Be2 {[%clk 0:26:22]} Ra6
{[%clk 0:28:09]} 24. Bf3 {[%clk 0:25:01]} Rc7 {[%clk 0:23:26]} 25. Bg3
{[%clk 0:20:33]} Nh5 {[%clk 0:19:45]} 26. Bxh5 {[%clk 0:19:07]} gxh5
{[%clk 0:20:14]} 27. f5 {[%clk 0:19:18]} exf5 {[%clk 0:17:16]} 28. Ng6+
{[%clk 0:15:17]} hxg6 {[%clk 0:17:43]} 29. Bxc7 {[%clk 0:15:42]} Rc6
{[%clk 0:15:54]} 30. Bd8 {[%clk 0:09:55]} Bb4 {[%clk 0:14:57]} 31. Re5
{[%clk 0:08:46]} Rxc4 {[%clk 0:13:05]} 32. Bf6 {[%clk 0:07:08]} Rc8
{[%clk 0:11:59]} 33. a3 {[%clk 0:04:07]} Bc5+ {[%clk 0:12:12]} 34. Kh1
{[%clk 0:04:11]} b6 {[%clk 0:11:42]} 35. h4 {[%clk 0:03:35]} Bc6 {[%clk 0:09:27]}
36. Kh2 {[%clk 0:03:14]} Kg8 {[%clk 0:09:06]} 37. Rxc5 {[%clk 0:01:26]} bxc5
{[%clk 0:09:29]} 38. g3 {[%clk 0:00:36]} Kf8 {[%clk 0:06:05]} 39. Rd8+
{[%clk 0:00:55]} Rxd8 {[%clk 0:06:30]} 40. Bxd8 {[%clk 0:01:23]} Ke8
{[%clk 0:06:57]} 41. Bb6 {[%clk 0:00:43]} c4 {[%clk 0:07:25]} 42. Kg1
{[%clk 0:00:46]} f6 {[%clk 0:07:50]} 43. Be3 {[%clk 0:00:46]} Ke7
{[%clk 0:08:16]} 44. Kf2 {[%clk 0:01:13]} Ke6 {[%clk 0:08:42]} 45. Bh6
{[%clk 0:01:20]} Kf7 {[%clk 0:08:53]} 46. Be3 {[%clk 0:01:18]} Be4
{[%clk 0:09:14]} 47. Bf4 {[%clk 0:01:35]} Ke6 {[%clk 0:09:38]} 48. Bh6
{[%clk 0:02:00]} Kd5 {[%clk 0:09:47]} 49. Ke3 {[%clk 0:01:28]} c3
{[%clk 0:09:35]} 50. bxc3 {[%clk 0:01:56]} Kc4 {[%clk 0:09:59]} 51. Kf4
{[%clk 0:01:56]} Kxc3 {[%clk 0:10:06]} 52. Bg7 {[%clk 0:01:59]} Kb3
{[%clk 0:10:31]} 53. Bf8 {[%clk 0:02:28]} Bc2 {[%clk 0:10:22]} 54. Bd6
{[%clk 0:02:49]} Bd1 {[%clk 0:09:58]} 55. Be7 {[%clk 0:03:17]} Bg4
{[%clk 0:10:17]} 56. Bf8 {[%clk 0:03:37]} 1/2-1/2